Pokémon que empiezan por la letra H - Estadísticas

Estadísticas generales
  • Esta prueba ha sido intentada 19 veces
  • La puntuación promedio es 24 de 34
Estadísticas de respuestas
Gen. Tipo Nombre % Correcto
I Fantasma/Veneno Haunter
92%
V Dragon Haxorus
92%
VI Lucha/Volador Hawlucha
85%
II Bicho/Lucha Heracross
85%
I Lucha Hitmonchan
85%
I Lucha Hitmonlee
85%
II Fuego/Volador Ho-oh
85%
II Normal/Volador Hoothoot
85%
I Agua Horsea
85%
I Psíquico Hypno
85%
III Lucha Hariyama
77%
IV Fuego/Acero Heatran
77%
II Lucha Hitmontop
77%
II Siniestro/Fuego Houndoom
77%
V Siniestro/Dragon Hydreigon
77%
VII Dragon/Lucha Hakamo-o
69%
VI Eléctrico/Normal Heliolisk
69%
VI Eléctrico/Normal Helioptile
69%
IV Tierra Hippopotas
69%
IV Tierra Hippowdon
69%
IV Siniestro/Volador Honchkrow
69%
VI Acero/Fantasma Honedge
69%
II Siniestro/Fuego Houndour
69%
IV Normal Happiny
62%
V Fuego Heatmor
62%
II Planta/Volador Hoppip
62%
VIII Psíquico Hatenna
54%
VIII Psíquico/Hada Hatterene
54%
V Normal Herdier
54%
VI Psíquico/Fantasma - Psíquico/Siniestro Hoopa
54%
III Agua Huntail
54%
IX Planta/Dragon Hydrapple
54%
VIII Psíquico Hattrem
46%
IX Fantasma Houndstone
46%
No se encontraron pruebas coincidentes
Distribución de puntuación
Porcentaje de gente con cada puntuación
Porcentaje por número respondido
Historial de tus puntuaciones
No has intentado esta prueba.